Ρατσισμός και τοπικές κοινωνίες : το παράδειγμα της Λέσβου : μεταπτυχιακή διατριβή

Αποθηκεύτηκε σε:
Λεπτομέρειες βιβλιογραφικής εγγραφής
Κύριος συγγραφέας: Νικέλλης, Κωνσταντίνος
Συγγραφή απο Οργανισμό/Αρχή: Πανεπιστήμιο Αιγαίου Σχολή Κοινωνικών Επιστημών Τμήμα Γεωγραφίας Μεταπτυχιακό Πρόγραμμα Σπουδών Γεωγραφία και Σχεδιασμός στην Ευρώπη και τη Μεσόγειο
Άλλοι συγγραφείς: Πετράκου, Ηλέκτρα (dgsf)
Μορφή: Thesis Βιβλίο
Γλώσσα:Greek
Δημοσίευση: 2006.
Θέματα:
Διαθέσιμο Online:http://hdl.handle.net/11610/11365
Ετικέτες: Προσθήκη ετικέτας
Δεν υπάρχουν, Καταχωρήστε ετικέτα πρώτοι!

MARC

LEADER 00000cam a2200000 i 4500
001 1/69
008 090616s2006 gr | ||| |||| ||gre||
035 |l 10105105 
040 |a GR-MyUa  |b gre  |e AACR2 
041 0 |a gre 
082 7 |a 304.8   |2 (22) 
100 1 |a Νικέλλης, Κωνσταντίνος. 
245 1 0 |a Ρατσισμός και τοπικές κοινωνίες :   |b το παράδειγμα της Λέσβου : μεταπτυχιακή διατριβή /   |c Κωνσταντίνος Νικέλλης. 
260 |c 2006. 
300 |a 85 σ. ;   |c 30 εκ. 
500 |a Επιβλέπουσα καθηγήτρια: Πετράκου Ηλέκτρα. 
502 |a Διατριβή (μεταπτυχιακή) – Πανεπιστήμιο Αιγαίου, Λέσβος, 2006. 
650 0 |a Racism  |z Greece  |z Lesbos (Municipality) 
650 0 |a Immigrants  |z Greece  |z Lesbos (Municipality) 
650 0 |a Immigrants  |z Greece  |z Lesbos (Municipality)  |x Public opinion. 
650 0 0 |a Dissertations, Academic  |z Greece. 
700 1 |a Πετράκου, Ηλέκτρα,  |e dgsf 
710 2 |a Πανεπιστήμιο Αιγαίου  |b Σχολή Κοινωνικών Επιστημών  |b Τμήμα Γεωγραφίας  |b Μεταπτυχιακό Πρόγραμμα Σπουδών Γεωγραφία και Σχεδιασμός στην Ευρώπη και τη Μεσόγειο. 
852 |a INST  |b LESVOS  |c DIATR  |e 20090616  |h 57  |p 005100045580  |q 005100045580  |t MTXE  |y 23 
852 |a INST  |b LESVOS  |c DIATR  |e 20090616  |h 58  |p 005100045581  |q 005100045581  |t MTXE  |y 23 
856 |u http://hdl.handle.net/11610/11365 
901 |a BIBL1-2009-2 
924 |a Νικέλλης  |b Κωνσταντίνος  |y Λέσβος  |z 2007-02 
970 |a ΤΖΑΦΕΡΗ  |b ΕΥΑΓΓΕΛΙΑ  |z 2009/06/16